<?xml version="1.0" encoding="UTF-8"?><?xml-stylesheet type="text/xsl" href="static/style.xsl"?><OAI-PMH xmlns="http://www.openarchives.org/OAI/2.0/" xmlns:xsi="http://www.w3.org/2001/XMLSchema-instance" xsi:schemaLocation="http://www.openarchives.org/OAI/2.0/ http://www.openarchives.org/OAI/2.0/OAI-PMH.xsd"><responseDate>2026-06-01T11:51:45Z</responseDate><request verb="GetRecord" identifier="oai:riuma.uma.es:10630/29454" metadataPrefix="marc">https://riuma.uma.es/rest/oai/request</request><GetRecord><record><header><identifier>oai:riuma.uma.es:10630/29454</identifier><datestamp>2026-02-03T10:58:25Z</datestamp><setSpec>com_10630_2254</setSpec><setSpec>col_10630_37953</setSpec></header><metadata><record xmlns="http://www.loc.gov/MARC21/slim" xmlns:dcterms="http://purl.org/dc/terms/" xmlns:doc="http://www.lyncode.com/xoai" xmlns:xsi="http://www.w3.org/2001/XMLSchema-instance" xsi:schemaLocation="http://www.loc.gov/MARC21/slim http://www.loc.gov/standards/marcxml/schema/MARC21slim.xsd">
   <leader>00925njm 22002777a 4500</leader>
   <datafield ind2=" " ind1=" " tag="042">
      <subfield code="a">dc</subfield>
   </datafield>
   <datafield ind2=" " ind1=" " tag="720">
      <subfield code="a">Poza Vílchez, Fátima</subfield>
      <subfield code="e">author</subfield>
   </datafield>
   <datafield ind2=" " ind1=" " tag="720">
      <subfield code="a">Arjona Romero, Juan José</subfield>
      <subfield code="e">author</subfield>
   </datafield>
   <datafield ind2=" " ind1=" " tag="720">
      <subfield code="a">Martín-Jaime, Juan Jesús</subfield>
      <subfield code="e">author</subfield>
   </datafield>
   <datafield ind2=" " ind1=" " tag="260">
      <subfield code="c">2023-06-30</subfield>
   </datafield>
   <datafield ind2=" " ind1=" " tag="520">
      <subfield code="a">University education, in terms of its social and environmental responsibility, plays an important role in promoting local and global sustainability from its fundamental corporate principles: “Mission, Vision and Values”. Four dimensions associated with fourteen values related to blue and sustainable entrepreneurship were considered in this study: “Entrepreneurship values”, “Personal values”, “Social values” and “Environmental values” (the variables that are the object of this diagnostic study), which enabled the internal correlations that occurred between them to be seen, according to their level of presence in degree qualification syllabi at public universities in the region of Andalusia (Spain). The main conclusion we have found is the importance of prioritizing the “Personal” dimension in university education as an exogenous variable that conditions the social and entrepreneurship values, which also has a direct effect on the values related to the “Environmental” dimension, with the purpose of achieving a balanced and significant presence of values related to blue and sustainable entrepreneurship.</subfield>
   </datafield>
   <datafield ind1="8" ind2=" " tag="024">
      <subfield code="a">Poza-Vilches, F., Arjona-Romero, J.J. &amp; Martín-Jaime, J.J. (2023) Diagnosis of Blue and Sustainable Entrepreneurship in University Education in Spain: A Case Study  Journal of Teacher Education for Sustainability. 25,1, 98-115.</subfield>
   </datafield>
   <datafield ind1="8" ind2=" " tag="024">
      <subfield code="a">https://hdl.handle.net/10630/29454</subfield>
   </datafield>
   <datafield ind1="8" ind2=" " tag="024">
      <subfield code="a">10.2478/jtes-2023-0007</subfield>
   </datafield>
   <datafield tag="653" ind2=" " ind1=" ">
      <subfield code="a">Enseñanza superior</subfield>
   </datafield>
   <datafield ind2="0" ind1="0" tag="245">
      <subfield code="a">Diagnosis of blue and sustainable entrepreneurship in university education in Spain: a case study</subfield>
   </datafield>
</record>
</metadata></record></GetRecord></OAI-PMH>